00292pab a2200121 454500008004000000100001600040245003500056260000900091300001300100362001100113650001200124773003400136180718b2010 xxu||||| |||| 00| 0 eng d aBery, Suman aThe return of fiscal dominance c2010 ap.10-11. a14 Aug aFinance aEconomic and Political Weekly